000 00488nam a2200205Ia 4500
003 OSt
005 20250927101941.0
008 250729s2007 xx 000 0 und d
020 _a 8183420400
040 _cAL
041 _aeng
082 _a371.333 KAMM
100 _aKamat H D
_9222803
245 _aMedia and education
260 _aNew Delhi
_bCrescent Publication
_c2007
300 _a478p
650 _aEducation
_9222804
700 _aDavid A
_9222805
942 _2ddc
_cBED
999 _c235617
_d235617